000 00384nam a2200109Ia 4500
008 160909s9999 xx 000 0 und d
100 _aDixit, Rahul
245 _aBarriers to career advancement: Asian Americans in the U.S. aerospace industry
260 _bPepperdine University
_c2016
650 _aENTREPRENEURSHIP
856 _uhttp://pqdtopen.proquest.com/doc/1799049238.html?FMT=ABS
999 _c304476
_d304476